Oceans and engines ~Niki - Statistics

General Stats
  • This quiz has been taken 55 times
  • The average score is 19 of 23
Answer Stats
Hint Answer % Correct
With five hours to __ go
100%
Saturday sunset, we're ____ on my bed lying
94%
Cryin', "I don't ___ ___ to go" want you
92%
You said, "Baby, ___ ___, we'll be fine you're the one thing I swear I can't outgrow" don't cry
90%
My mother said the younger me was a _____ prodigy pretending
88%
Under the still and clear ____ indigo
86%
I know I'll be ___, someday, I'll be fine alright
84%
You were ___ just yesterday mine
84%
But just not ____ tonight
84%
But don't get me ____ wrong
84%
But I'm lettin' go I'm _____ __ the ghost giving up
82%
I guess this is where we say _____ goodbye
82%
You wiped away tears but __ ___ not fears
82%
Something beautiful died ___ ____ too soon
82%
I pray the block in my ____ dissipates airway
80%
How is it now, that somehow, you're a ____? stranger
80%
I'll always love you, that's why I ____ __ this very last song wrote you
78%
Fingers ____ and so were our minds entwined
76%
But heaven denied, destiny ____ decried
72%
And instead ___ your airplane's way deters
64%
Well, ____ ___, much has changed nothing then
64%
But I'm sticking to the ____, gotta say I'm okay, but answer this, babe screenplay
64%
'Cause while you're _____ ___ ____, my soul, it gets sicker wolfing down liquor
64%
No matching quizzes found
Score Distribution
Percent of People with Each Score
Percentile by Number Answered
Your Score History
You have not taken this quiz